[Event "Isle of Man Open"]
[Site "Douglas"]
[Date "27.10.2018"]
[Round "8.18"]
[White "Sevian, Samuel"]
[Black "Praggnanandhaa, R"]
[Result "1/2-1/2"]
[WhiteTitle "GM"]
[BlackTitle "GM"]
[WhiteElo "2634"]
[BlackElo "2519"]
[WhiteFideId "2040506"]
[BlackFideId "25059530"]
[EventDate "2018.10.20"]

1. Nf3 Nf6 2. c4 e6 3. d4 d5 4. g3 Bb4+ 5. Bd2 Bd6 6. Bg2 c6 7. Nc3 O-O 8. O-O
dxc4 9. Ne5 Bc7 10. Bg5 Bxe5 11. dxe5 Qxd1 12. Nxd1 Nd5 13. e4 h6 14. exd5 hxg5
15. dxc6 Nxc6 16. Bxc6 bxc6 17. Rc1 Rb8 18. Re1 Ba6 19. Rc2 c5 20. Nc3 Bb7 21.
Ne4 g4 22. Nxc5 Bc6 23. Ne4 Rfd8 24. Nd6 Bd5 25. Rd1 f5 26. Rd4 Rb4 27. Kf1 a5
28. Ke1 Rdb8 29. Nxf5 Rxb2 30. Rxb2 Rxb2 31. Ne7+ Kf7 32. Nxd5 exd5 33. Rxd5 c3
34. Rc5 c2 35. a4 Ra2 36. Kd2 Rxa4 37. Rxc2 Ke6 38. Rc6+ Kf5 39. e6 Rd4+ 40. Kc3
Re4 41. Rc7 g6 42. e7 Kf6 43. Rc6+ Kf7 44. Kd3 Re5 45. Rd6 a4 46. Ra6 a3 47.
Rxa3 Kxe7 48. Ra4 Rg5 49. Rf4 Ke6 50. Ke3 Ke7 51. Kd4 Ke6 52. Kc4 Rh5 53. Rxg4
Rxh2 54. Rf4 Rh5 55. Kd4 Ra5 56. Ke4 Ra3 57. Rf8 Ke7 58. Rf3 Ra6 59. Ke3 Ra3+
60. Kf4 Ra5 61. Kg4 Rb5 62. Kh3 Rh5+ 63. Kg2 Ra5 64. g4 Rb5 65. Kg3 Ra5 66. Kh4
Rb5 67. Ra3 Kf6 68. Ra6+ Kg7 69. Ra7+ Kh6 70. Ra6 Kg7 71. f4 Rb7 72. Kg5 Rb5+
73. f5 gxf5 74. gxf5 Rb1 75. Ra7+ Kg8 76. Kg6 Rg1+ 77. Kf6 Rf1 78. Ra8+ Kh7 79.
Ra2 Kg8 80. Ra5 Rf3 81. Ra8+ Kh7 82. Rf8 Rf1 83. Ke7 Re1+ 84. Kf7 Rf1 85. f6 Ra1
86. Re8 Ra7+ 87. Re7 Ra8 88. Rd7 Kh6 89. Rb7 Kh7 90. Re7 Kh6 91. Re6 Kh7 92. Re2
Ra7+ 93. Ke6 Kg8 94. Rd2 Ra6+ 95. Rd6 Rxd6+ 96. Kxd6 Kf7 97. Ke5 Kf8 98. Ke6 Ke8
99. f7+ Kf8 100. Kf6 1/2-1/2

[Event "Isle of Man Open"]
[Site "Douglas"]
[Date "27.10.2018"]
[Round "8.19"]
[White "Wagner, Dennis"]
[Black "Sutovsky, Emil"]
[Result "1/2-1/2"]
[WhiteTitle "GM"]
[BlackTitle "GM"]
[WhiteElo "2572"]
[BlackElo "2633"]
[WhiteFideId "24650684"]
[BlackFideId "2802007"]
[EventDate "2018.10.20"]

1. d4 Nf6 2. c4 g6 3. Nc3 Bg7 4. e4 d6 5. Be2 O-O 6. Be3 e5 7. d5 Na6 8. g4 Nc5
9. f3 h5 10. g5 Nh7 11. h4 f6 12. gxf6 Bxf6 13. Bf2 Be7 14. Kd2 Rf4 15. Qe1 Bd7
16. Kc2 Na4 17. Nd1 c6 18. b3 cxd5 19. bxa4 Bxa4+ 20. Kb2 d4 21. Rc1 d5 22. cxd5
Qb6+ 23. Ka1 Bb4 24. Qf1 Qa5 25. d6 b5 26. Kb1 Bc3 27. Nxc3 dxc3 28. Bc4+ bxc4
29. Qxc4+ Rf7 30. Rxc3 Rb8+ 31. Ka1 Rb4 32. Qc5 Rb5 33. Qc4 Rb4 34. Qc5 Rb5 35.
Qc4 1/2-1/2

[Event "Isle of Man Open"]
[Site "Douglas"]
[Date "27.10.2018"]
[Round "8.20"]
[White "Williams, Simon K"]
[Black "Ganguly, Surya Shekhar"]
[Result "1/2-1/2"]
[WhiteTitle "GM"]
[BlackTitle "GM"]
[WhiteElo "2457"]
[BlackElo "2622"]
[WhiteFideId "404454"]
[BlackFideId "5002150"]
[EventDate "2018.10.20"]

1. d4 Nf6 2. c4 e6 3. Nf3 d5 4. Nc3 Bb4 5. Qc2 O-O 6. Bg5 h6 7. Bh4 c5 8. e3
cxd4 9. exd4 Nc6 10. a3 Be7 11. c5 g5 12. Bg3 g4 13. Ne5 Nxd4 14. Qd2 Nf5 15.
Bd3 Ne4 16. Bxe4 dxe4 17. Qe2 Bxc5 18. Nxe4 Qa5+ 19. Kf1 Bd4 20. Rd1 Nxg3+ 21.
hxg3 Qxe5 22. Qxg4+ Qg7 23. Rxd4 Qxg4 24. Nf6+ Kg7 25. Nxg4 b6 26. Nxh6 Ba6+ 27.
Kg1 f5 28. g4 Rfd8 29. Rxd8 Rxd8 30. Rh3 Kg6 31. gxf5+ exf5 32. g4 f4 33. Nf5
Rd1+ 34. Kh2 Rd2 35. Nh4+ Kf6 36. g5+ Ke6 37. Rf3 Ke5 38. g6 Bc4 39. g7 Rxb2 40.
Ng6+ Kf6 41. Rxf4+ Kxg7 42. Rxc4 Kxg6 43. Kg2 Kf5 44. a4 a5 45. Kf3 Ke5 46. Ke3
Rb3+ 47. Kd2 Kd5 48. Rf4 Ke5 49. Rh4 Rb2+ 50. Ke3 Kd5 51. Rf4 Rb3+ 1/2-1/2

[Event "Isle of Man Open"]
[Site "Douglas"]
[Date "27.10.2018"]
[Round "8.21"]
[White "Sundararajan, Kidambi"]
[Black "Fridman, Daniel"]
[Result "0-1"]
[WhiteTitle "GM"]
[BlackTitle "GM"]
[WhiteElo "2445"]
[BlackElo "2600"]
[WhiteFideId "5005370"]
[BlackFideId "11600454"]
[EventDate "2018.10.20"]

1. d4 e6 2. c4 Nf6 3. Nc3 Bb4 4. e3 b6 5. Bd2 Bb7 6. Nf3 O-O 7. Bd3 d5 8. cxd5
exd5 9. Rc1 Be7 10. O-O Nbd7 11. Ne2 Bd6 12. Ng3 g6 13. Qe2 a6 14. Bc3 Qe7 15.
Qc2 Rac8 16. Qe2 Ra8 17. Qc2 Ng4 18. Rfe1 f5 19. h3 Ngf6 20. Ne5 c5 21. f4 c4
22. Nxf5 gxf5 23. Bxf5 b5 24. Rf1 Ne4 25. Bxe4 dxe4 26. Qe2 Nf6 27. d5 Bb4 28.
d6 Qxd6 29. Rcd1 Qe7 30. Rd7 Nxd7 31. Qg4+ Qg7 32. Qe6+ Rf7 33. Bxb4 Nxe5 34.
fxe5 Rd8 35. Ba5 Rf8 36. Rf4 Bc8 37. Qd5 Bxh3 38. Rf2 Kh8 0-1

[Event "Isle of Man Open"]
[Site "Douglas"]
[Date "27.10.2018"]
[Round "8.22"]
[White "Short, Nigel D"]
[Black "Gukesh, D"]
[Result "1/2-1/2"]
[WhiteTitle "GM"]
[BlackTitle "IM"]
[WhiteElo "2652"]
[BlackElo "2456"]
[WhiteFideId "400025"]
[BlackFideId "46616543"]
[EventDate "2018.10.20"]

1. e4 c6 2. d3 d5 3. Nd2 e5 4. Ngf3 Bd6 5. g3 Nf6 6. Bg2 O-O 7. O-O Re8 8. Re1
Nbd7 9. h3 d4 10. c3 c5 11. a4 Rb8 12. Nc4 Bc7 13. cxd4 cxd4 14. Bd2 Nb6 15. Na5
Nbd7 16. b4 Bxa5 17. bxa5 Nc5 18. Qc2 b6 19. axb6 axb6 20. Bf1 Ba6 21. Rec1 Nfd7
22. Bb4 Rc8 23. Qd1 Re6 24. a5 Rec6 25. axb6 Qxb6 26. Rcb1 Qc7 27. h4 Rb8 28.
Ba5 Rxb1 29. Qxb1 Qb7 30. Qxb7 Bxb7 31. Bb4 f6 32. Nd2 Rb6 33. Bxc5 Nxc5 34. Nc4
Rb5 35. f4 exf4 36. gxf4 Kf8 37. Ra7 Ke7 38. Kf2 Rb4 39. h5 Kd7 40. Ra5 Nb3 41.
Ra7 h6 42. Bh3+ Kd8 43. Bf5 Nc5 44. e5 fxe5 45. fxe5 Ra4 46. Na5 Ra2+ 47. Kg3
Rg2+ 48. Kh3 Rg5 49. Rxb7 Nxb7 50. Nxb7+ Ke7 51. Nd6 Rxh5+ 52. Kg3 g6 53. Be4
Rxe5 54. Nc4 Rb5 55. Nd2 Kf6 56. Nf3 Rb4 57. Bd5 Rb8 58. Kf4 Re8 59. Be4 Rd8 60.
Kg4 Rd6 1/2-1/2

[Event "Isle of Man Open"]
[Site "Douglas"]
[Date "27.10.2018"]
[Round "8.23"]
[White "Le, Quang Liem"]
[Black "Schneider, Ilja"]
[Result "1-0"]
[WhiteTitle "GM"]
[BlackTitle "IM"]
[WhiteElo "2715"]
[BlackElo "2507"]
[WhiteFideId "12401137"]
[BlackFideId "4663306"]
[EventDate "2018.10.20"]

1. d4 d5 2. c4 c6 3. Nf3 Nf6 4. g3 Bf5 5. Nc3 a6 6. Bg2 e6 7. O-O Be7 8. Nh4 Bg4
9. h3 Bh5 10. cxd5 Nxd5 11. Qb3 Bxh4 12. Qxb7 Nd7 13. gxh4 Nxc3 14. bxc3 Bxe2
15. Bg5 Qc8 16. Rfb1 Bb5 17. Qxc8+ Rxc8 18. a4 Bc4 19. Rb7 Bd5 20. Bf1 c5 21.
Ra7 cxd4 22. cxd4 Nb8 23. Rc1 O-O 24. Rac7 Rxc7 25. Rxc7 f6 26. Be3 Rf7 27. Rc8+
Rf8 28. Rc5 Rf7 29. Bd3 Rb7 30. h5 Nc6 31. Kh2 Rb4 32. Bxa6 Nxd4 33. a5 Nf5 34.
Rc8+ Kf7 35. Bc5 1-0

[Event "Isle of Man Open"]
[Site "Douglas"]
[Date "27.10.2018"]
[Round "8.24"]
[White "Keymer, Vincent"]
[Black "Gelfand, Boris"]
[Result "1-0"]
[WhiteTitle "IM"]
[BlackTitle "GM"]
[WhiteElo "2491"]
[BlackElo "2701"]
[WhiteFideId "12940690"]
[BlackFideId "2805677"]
[EventDate "2018.10.20"]

1. d4 Nf6 2. c4 e6 3. Nf3 d5 4. Nc3 c6 5. e3 Nbd7 6. Qc2 Bd6 7. Bd3 O-O 8. O-O
Re8 9. e4 dxc4 10. Bxc4 e5 11. Rd1 exd4 12. Nxd4 Qc7 13. g3 Ne5 14. Be2 Bh3 15.
Bg5 Neg4 16. Bf1 Bxf1 17. Rxf1 Be5 18. Nf5 g6 19. Nh6+ Nxh6 20. Bxh6 Ng4 21. Bd2
Rad8 22. Kg2 Qe7 23. h3 Nf6 24. Rfe1 Qc5 25. Rad1 Qc4 26. Bg5 Rxd1 27. Rxd1 b5
28. f3 b4 29. Qe2 Qe6 30. Na4 Qxa2 31. Qc2 c5 32. Nxc5 Rc8 33. Rd2 Qa5 34. Be3
Qc7 35. Qd3 Qc6 36. Kf2 Bc7 37. Na6 Rd8 38. Nxb4 Qe6 39. Qxd8+ Bxd8 40. Rxd8+
Kg7 41. Bd4 Kh6 42. g4 Nd7 43. Nd5 f5 44. Rh8 fxe4 45. f4 Nf8 46. g5+ Kh5 47.
Nf6+ Kh4 48. Nxh7 e3+ 49. Bxe3 1-0

[Event "Isle of Man Open"]
[Site "Douglas"]
[Date "27.10.2018"]
[Round "8.25"]
[White "Paehtz, Elisabeth"]
[Black "Nabaty, Tamir"]
[Result "0-1"]
[WhiteTitle "IM"]
[BlackTitle "GM"]
[WhiteElo "2513"]
[BlackElo "2692"]
[WhiteFideId "4641833"]
[BlackFideId "2809052"]
[EventDate "2018.10.20"]

1. e4 Nc6 2. Nf3 d6 3. d4 Nf6 4. Nc3 e6 5. Be3 Be7 6. h3 O-O 7. a3 a6 8. Be2 b5
9. d5 Ne5 10. Nd4 Bb7 11. f4 Ng6 12. Nc6 Bxc6 13. dxc6 Qe8 14. h4 Bd8 15. Bf3 e5
16. f5 Ne7 17. g4 Nxc6 18. g5 Nd7 19. Qd5 Nb6 20. Bxb6 cxb6 21. Nd1 Rc8 22. c3
Ne7 23. Qxd6 Bc7 24. Qd2 Qc6 25. Ne3 Rfd8 26. Qe2 a5 27. O-O Bd6 28. Kh1 b4 29.
axb4 axb4 30. h5 Kh8 31. f6 gxf6 32. gxf6 Ng8 33. Nd5 Nh6 34. Rg1 Bc5 35. Qd2
Qxf6 36. Rgf1 bxc3 37. bxc3 Qe6 38. Qh2 Rg8 39. Bg2 f5 40. exf5 Nxf5 41. Rxf5
Qxf5 42. Re1 Rcf8 43. Qxe5+ Qxe5 44. Rxe5 Rf2 0-1

[Event "Isle of Man Open"]
[Site "Douglas"]
[Date "27.10.2018"]
[Round "8.26"]
[White "Krishna, C R G"]
[Black "Meier, Georg"]
[Result "1/2-1/2"]
[WhiteTitle "IM"]
[BlackTitle "GM"]
[WhiteElo "2445"]
[BlackElo "2639"]
[WhiteFideId "5018625"]
[BlackFideId "4675789"]
[EventDate "2018.10.20"]

1. Nf3 d5 2. d4 Nf6 3. c4 e6 4. g3 Bb4+ 5. Bd2 Be7 6. Bg2 c6 7. Qc2 Nbd7 8. O-O
b6 9. Rd1 Bb7 10. Bf4 Rc8 11. Ne5 Nxe5 12. dxe5 Nd7 13. Nc3 Rc7 14. cxd5 cxd5
15. e4 dxe4 16. Bxe4 Qa8 17. Qa4 Bxe4 18. Nxe4 Qc6 19. Qxc6 Rxc6 20. Rac1 Nb8
21. Nf6+ gxf6 22. exf6 Bxf6 23. Bxb8 Rxc1 24. Rxc1 Bxb2 25. Rb1 O-O 26. Bxa7 Bd4
27. a4 Ra8 28. Bxb6 Bxb6 29. Rxb6 Rxa4 30. Kg2 Kg7 1/2-1/2

[Event "Isle of Man Open"]
[Site "Douglas"]
[Date "27.10.2018"]
[Round "8.27"]
[White "Tari, Aryan"]
[Black "Mekhitarian, Krikor Sevag"]
[Result "1/2-1/2"]
[WhiteTitle "GM"]
[BlackTitle "GM"]
[WhiteElo "2618"]
[BlackElo "2546"]
[WhiteFideId "1510045"]
[BlackFideId "2107660"]
[EventDate "2018.10.20"]

1. d4 Nf6 2. c4 e6 3. Nf3 d5 4. Nc3 Bb4 5. Bg5 dxc4 6. e4 c5 7. Bxc4 cxd4 8.
Nxd4 Bxc3+ 9. bxc3 Qa5 10. Bxf6 Qxc3+ 11. Kf1 gxf6 12. Rc1 Qa5 13. Bb5+ Ke7 14.
e5 fxe5 15. Qh5 Nd7 16. Qg5+ Kf8 17. Rxc8+ Rxc8 18. Bxd7 Qd8 19. Nxe6+ fxe6 20.
Qh6+ Kf7 21. Qxe6+ Kf8 22. Qh6+ Kf7 23. Qe6+ Kf8 24. Qh6+ Kf7 25. Qe6+ 1/2-1/2

[Event "Isle of Man Open"]
[Site "Douglas"]
[Date "27.10.2018"]
[Round "8.28"]
[White "Donchenko, Alexander"]
[Black "Khmelniker, Ilya"]
[Result "1/2-1/2"]
[WhiteTitle "GM"]
[BlackTitle "GM"]
[WhiteElo "2610"]
[BlackElo "2492"]
[WhiteFideId "24603295"]
[BlackFideId "2805340"]
[EventDate "2018.10.20"]

1. Nf3 Nf6 2. c4 b6 3. g3 Bb7 4. Bg2 e6 5. O-O Be7 6. d4 O-O 7. d5 exd5 8. Nh4
Ne4 9. cxd5 Bxh4 10. Bxe4 Bf6 11. Nc3 d6 12. Qc2 g6 13. Bg2 Re8 14. Ne4 Bg7 15.
Bg5 f6 16. Bd2 Nd7 17. Rac1 Nc5 18. Nxc5 bxc5 19. b4 Rxe2 20. Qd3 Ba6 21. Qxa6
Rxd2 22. bxc5 f5 23. cxd6 cxd6 24. Rc6 Bd4 25. Rxd6 Qc8 26. Qa4 Qc2 27. Qxc2
Rxc2 28. Rc6 Rd2 29. d6 Rd8 30. Bd5+ Kg7 31. Be6 Kf6 32. d7 Ke7 33. Kg2 Re2 34.
Bc4 Re5 35. Rd1 Rxd7 36. Rd2 Bb6 37. Rb2 Rd6 38. Rc8 Rd8 39. Rxd8 Kxd8 40. Bg8
Re7 41. h4 Ke8 42. Rd2 Kf8 43. Bb3 Kg7 44. Kf3 Kf6 45. Rd6+ Kg7 46. Be6 Bc5 47.
Rc6 Bb6 48. Bb3 Rd7 49. Rc2 Kf6 50. Re2 Rd6 51. Kg2 h6 52. f4 h5 53. Kf3 1/2-1/2

[Event "Isle of Man Open"]
[Site "Douglas"]
[Date "27.10.2018"]
[Round "8.29"]
[White "Jumabayev, Rinat"]
[Black "Kashlinskaya, Alina"]
[Result "0-1"]
[WhiteTitle "GM"]
[BlackTitle "IM"]
[WhiteElo "2605"]
[BlackElo "2447"]
[WhiteFideId "13702661"]
[BlackFideId "4198026"]
[EventDate "2018.10.20"]

1. Nf3 d5 2. b3 Nf6 3. Bb2 e6 4. g3 c5 5. Bg2 Be7 6. O-O O-O 7. e3 Nc6 8. Qe2
Re8 9. c4 d4 10. exd4 cxd4 11. d3 Bc5 12. Ne5 Nxe5 13. Qxe5 Nd7 14. Qe2 e5 15.
Ba3 a5 16. Re1 Bxa3 17. Nxa3 Nc5 18. Nb5 Bf5 19. Rad1 h6 20. Qc2 Qb6 21. a3 Rac8
22. Bf1 Bd7 23. b4 axb4 24. axb4 Bxb5 25. cxb5 Ne4 26. Qb3 Nc3 27. Ra1 Qxb5 28.
Ra5 Qd7 29. Raxe5 Rxe5 30. Rxe5 Ra8 31. Qb2 Qc7 32. Rc5 Qd6 33. Qd2 Ra1 34. Rc8+
Kh7 35. Re8 Rxf1+ 36. Kxf1 Qc6 37. Re4 f5 0-1

[Event "Isle of Man Open"]
[Site "Douglas"]
[Date "27.10.2018"]
[Round "8.30"]
[White "Deac, Bogdan-Daniel"]
[Black "Henderson de La Fuente, Lance"]
[Result "1-0"]
[WhiteTitle "GM"]
[BlackTitle "IM"]
[WhiteElo "2594"]
[BlackElo "2484"]
[WhiteFideId "1226380"]
[BlackFideId "32096585"]
[EventDate "2018.10.20"]

1. d4 Nf6 2. c4 e6 3. g3 d5 4. Bg2 Bb4+ 5. Nd2 O-O 6. Nf3 dxc4 7. Qc2 a5 8. a3
Be7 9. Nxc4 b5 10. Nce5 Bb7 11. O-O Be4 12. Qb3 c6 13. a4 Bd5 14. Qd3 Na6 15.
Bd2 bxa4 16. Rxa4 Nb4 17. Qe3 Qb6 18. Rc1 Rac8 19. Bxb4 axb4 20. Nd3 Ra8 21.
Rxa8 Rxa8 22. Nfe5 Rd8 23. Nxc6 Bxc6 24. Rxc6 Qxd4 25. Qxd4 Rxd4 26. Rc8+ Bf8
27. Bf1 g5 28. e3 Rd7 29. Nxb4 Rb7 30. Nd3 Kg7 31. Be2 Be7 32. Kf1 Nd5 33. Bf3
Rb3 34. Bxd5 Rxd3 35. Bc4 Rd1+ 36. Kg2 Rd2 37. Rc7 Kf6 38. Rb7 Bc5 39. Kf1 Be7
40. Be2 Rc2 41. b4 Rb2 42. b5 h6 43. Bh5 Rb1+ 44. Kg2 Rb2 45. h3 Rc2 46. b6 Rb2
47. Kf3 e5 48. Ke4 Rxf2 49. Rc7 Rb2 50. b7 Bd6 51. Rd7 Bc5 52. Kd5 Be7 53. Bf3
Rb6 54. Rc7 Rb3 55. Be2 Bd8 56. Rd7 Be7 57. Kc6 Rc3+ 58. Kb5 Rb3+ 59. Ka5 Bc5
60. Bc4 Rb2 61. Rxf7+ Kg6 62. e4 Rb1 63. Rd7 Kf6 64. g4 Rb2 65. Bd5 Rb1 66. Rf7+
Kg6 67. Rf3 Bd6 68. Ka6 Bb8 69. Rf8 Bd6 70. Rd8 Bc7 71. Rc8 Bd6 72. Rc6 Ra1+ 73.
Kb5 Rb1+ 74. Ka4 1-0

[Event "Isle of Man Open"]
[Site "Douglas"]
[Date "27.10.2018"]
[Round "8.31"]
[White "Huschenbeth, Niclas"]
[Black "Jackson, James P"]
[Result "1-0"]
[WhiteTitle "GM"]
[BlackTitle "FM"]
[WhiteElo "2589"]
[BlackElo "2371"]
[WhiteFideId "24604747"]
[BlackFideId "416860"]
[EventDate "2018.10.20"]

1. e4 e5 2. Nf3 Nc6 3. Bc4 Nf6 4. d3 Be7 5. O-O O-O 6. Re1 d6 7. a4 Na5 8. Ba2
c5 9. c3 Nc6 10. Na3 a6 11. Bd2 h6 12. h3 Re8 13. b4 cxb4 14. cxb4 d5 15. Nc2
Be6 16. b5 axb5 17. axb5 Rxa2 18. Rxa2 dxe4 19. Rb2 exf3 20. bxc6 bxc6 21. Qxf3
e4 22. Qe3 exd3 23. Nb4 Bxb4 24. Bxb4 Bc4 25. Qf4 Rxe1+ 26. Bxe1 Bb5 27. Bd2 Qd5
28. f3 Qe6 29. Rb1 Qc4 30. Qe5 Qe6 31. Qb2 Nd5 32. Re1 Qf6 33. Qa3 Kh7 34. Re4
Qd8 35. Kf1 f5 36. Re6 f4 37. Qc5 Qg5 38. Qd4 Ne3+ 39. Bxe3 d2+ 40. Kg1 fxe3 41.
Qe4+ g6 42. Rd6 h5 43. Rd7+ Kh6 44. h4 1-0

[Event "Isle of Man Open"]
[Site "Douglas"]
[Date "27.10.2018"]
[Round "8.32"]
[White "Vaishali, R"]
[Black "Nihal, Sarin"]
[Result "0-1"]
[WhiteTitle "WIM"]
[BlackTitle "IM"]
[WhiteElo "2313"]
[BlackElo "2572"]
[WhiteFideId "5091756"]
[BlackFideId "25092340"]
[EventDate "2018.10.20"]

1. e4 e6 2. d4 d5 3. Nd2 c5 4. exd5 Qxd5 5. Ngf3 cxd4 6. Bc4 Qd7 7. O-O Nc6 8.
Nb3 a6 9. Nbxd4 Nxd4 10. Nxd4 Qc7 11. Bb3 Bd6 12. h3 Ne7 13. Re1 O-O 14. Bg5 h6
15. Bxe7 Bxe7 16. Qf3 Bf6 17. c3 Bd7 18. Ne2 Bc6 19. Qg4 Qa5 20. Ng3 g6 21. Rxe6
fxe6 22. Qxg6+ Bg7 23. Bxe6+ Kh8 24. Bf5 Rxf5 25. Nxf5 Qe5 26. Nxh6 Qf6 27. Qxf6
Bxf6 28. Rd1 Re8 29. Ng4 Bg5 30. Kh2 Bf4+ 31. g3 Bg5 32. b4 Re2 33. a4 Bd2 34.
b5 axb5 35. axb5 Bxb5 36. Kg2 Bxc3 37. Rd8+ Kg7 38. Kf3 Re6 39. Kf4 Bc6 40. h4
Re4+ 41. Kg5 Rd4 42. Rb8 Bb4 43. Kf5 Bd7+ 44. Ke5 Rxg4 45. Rxb7 Bc3+ 46. Kd6
Rd4+ 47. Kc5 Kf6 48. Rb3 Ba1 49. Rb1 Ra4 50. f4 Bd4+ 51. Kd6 Bf5 52. Rb8 Ra7 53.
h5 Rd7+ 54. Kc6 Ke6 55. Re8+ Re7 0-1

[Event "Isle of Man Open"]
[Site "Douglas"]
[Date "27.10.2018"]
[Round "8.34"]
[White "Raja, Harshit"]
[Black "Vaibhav, Suri"]
[Result "1/2-1/2"]
[WhiteTitle "IM"]
[BlackTitle "GM"]
[WhiteElo "2420"]
[BlackElo "2597"]
[WhiteFideId "5089000"]
[BlackFideId "5045185"]
[EventDate "2018.10.20"]

1. e4 e6 2. d4 d5 3. Nd2 c5 4. exd5 Qxd5 5. Ngf3 cxd4 6. Bc4 Qd8 7. O-O Nc6 8.
Nb3 a6 9. a4 Nf6 10. Qe2 Bd6 11. Rd1 e5 12. Nbxd4 Nxd4 13. Rxd4 Qe7 14. Rxd6
Qxd6 15. b3 e4 16. Ba3 Qf4 17. Qe1 Be6 18. Qa5 Rd8 19. Qc5 Nd5 20. Bxd5 Qf6 21.
Bc6+ bxc6 22. Qxc6+ Rd7 23. Qa8+ Rd8 24. Qc6+ Rd7 25. Qa8+ Rd8 26. Qc6+ Rd7 1/2-1/2

[Event "Isle of Man Open"]
[Site "Douglas"]
[Date "27.10.2018"]
[Round "8.35"]
[White "Erenberg, Ariel"]
[Black "Debashis, Das"]
[Result "1/2-1/2"]
[WhiteTitle "IM"]
[BlackTitle "GM"]
[WhiteElo "2407"]
[BlackElo "2548"]
[WhiteFideId "2811634"]
[BlackFideId "5024854"]
[EventDate "2018.10.20"]

1. d4 Nf6 2. c4 e6 3. Nf3 b6 4. a3 Bb7 5. Nc3 d5 6. Bf4 Be7 7. cxd5 Nxd5 8. Nxd5
exd5 9. Qa4+ c6 10. e3 O-O 11. Bd3 Nd7 12. O-O c5 13. Rfd1 c4 14. Bf5 Nf6 15.
Ne5 Qe8 16. Qc2 Bc8 17. Bg5 Bxf5 18. Qxf5 Qc8 19. Qc2 Qb7 20. b3 b5 21. a4 a6
22. Rab1 Rfc8 23. Bxf6 Bxf6 24. e4 h5 25. exd5 Qxd5 26. bxc4 bxc4 27. Qc3 Rc7
28. h3 Rd8 29. Nf3 Qc6 30. a5 Qa4 31. Rdc1 Rd5 32. Rb4 Qd7 33. Rxc4 Rxc4 34.
Qxc4 Rxa5 35. Ne5 Bxe5 36. dxe5 Rb5 37. Qc8+ Qxc8 38. Rxc8+ Kh7 39. Rc6 a5 40.
f4 a4 41. Ra6 Rb4 42. f5 Re4 43. e6 f6 44. Ra8 g6 45. fxg6+ Kxg6 46. Kf2 Rxe6 1/2-1/2

[Event "Isle of Man Open"]
[Site "Douglas"]
[Date "27.10.2018"]
[Round "8.36"]
[White "Puranik, Abhimanyu"]
[Black "Munguntuul, Batkhuyag"]
[Result "1-0"]
[WhiteTitle "GM"]
[BlackTitle "IM"]
[WhiteElo "2547"]
[BlackElo "2422"]
[WhiteFideId "5061245"]
[BlackFideId "4900758"]
[EventDate "2018.10.20"]

1. e4 c5 2. Nf3 e6 3. d4 cxd4 4. Nxd4 Nc6 5. Nc3 Qc7 6. Be3 a6 7. Qd2 Nf6 8. f4
Bb4 9. Bd3 d6 10. a3 Bc5 11. Nxc6 Qxc6 12. O-O-O Ng4 13. Bg1 O-O 14. Qe2 Nf6 15.
e5 Nd5 16. Nxd5 exd5 17. exd6 Bxd6 18. Qf3 Re8 19. Bd4 Bc5 20. Qf2 Bxd4 21. Qxd4
Bd7 22. g4 Rac8 23. f5 Qc5 24. Qxc5 Rxc5 25. Rhe1 f6 26. Rxe8+ Bxe8 27. Be2 Ba4
28. Rd2 Kf8 29. Bf3 a5 30. Bxd5 Bc6 31. Bxc6 Rxc6 32. Rd8+ Ke7 33. Rg8 Kf7 34.
Rb8 Rc7 35. Kd2 Ke7 36. Ra8 Rc4 37. h3 h5 38. Rxa5 hxg4 39. hxg4 Rxg4 40. Rb5
Kd6 41. Rxb7 Kc6 42. Ra7 Kb6 43. Rf7 Rg5 44. Kc3 Rxf5 45. Rxg7 Rf3+ 46. Kb4 Rf2
47. Rf7 f5 48. b3 f4 49. c4 f3 50. a4 Rf1 51. a5+ Ka6 52. Rf6+ Ka7 53. Kc5 1-0

[Event "Isle of Man Open"]
[Site "Douglas"]
[Date "27.10.2018"]
[Round "8.37"]
[White "Kaidanov, Gregory"]
[Black "Fenil, Shah"]
[Result "1-0"]
[WhiteTitle "GM"]
[BlackTitle "IM"]
[WhiteElo "2544"]
[BlackElo "2411"]
[WhiteFideId "2008564"]
[BlackFideId "5019850"]
[EventDate "2018.10.20"]

1. Nf3 d5 2. g3 c6 3. Bg2 Bg4 4. O-O Nd7 5. d4 e6 6. h3 Bh5 7. c4 Bd6 8. Qb3 Rb8
9. e4 dxe4 10. Ng5 Ngf6 11. Nc3 Bg6 12. Ngxe4 Nxe4 13. Nxe4 Bxe4 14. Bxe4 O-O
15. Bg2 e5 16. dxe5 Bxe5 17. Be3 Qa5 18. Rad1 Nc5 19. Qc2 Rfe8 20. b3 Bf6 21.
Qb1 Qb4 22. Bf4 Be5 23. Bd2 Qa3 24. Rfe1 Bf6 25. Bf4 Rxe1+ 26. Rxe1 Rd8 27. Bc7
Rc8 28. Bd6 g6 29. b4 Ne6 30. h4 Rd8 31. c5 Bd4 32. Re4 b6 33. Qe1 Qxa2 34. Bh3
Qa1 35. Qxa1 Bxa1 36. Bxe6 fxe6 37. Rxe6 Bd4 38. Re7 bxc5 39. bxc5 Rf8 40. Re4
Bxf2+ 41. Kg2 Rf7 42. Re8+ Kg7 43. Rc8 Bd4 44. Rxc6 Kf6 45. Kf3 Rb7 46. Ke4 Bf2
47. Rc8 Ke6 48. Re8+ Kd7 49. Rf8 Rb4+ 50. Kf3 Bd4 51. Rf7+ Ke6 52. Rxa7 h5 53.
Ra8 Rc4 54. Re8+ Kf5 55. Ke2 Rc3 56. Kd2 Bf6 57. Rf8 Rf3 58. Be7 Rxg3 59. Rxf6+
Ke4 60. c6 1-0

[Event "Isle of Man Open"]
[Site "Douglas"]
[Date "27.10.2018"]
[Round "8.38"]
[White "Olafsson, Helgi"]
[Black "Eggleston, David J"]
[Result "1-0"]
[WhiteTitle "GM"]
[BlackTitle "IM"]
[WhiteElo "2510"]
[BlackElo "2406"]
[WhiteFideId "2300010"]
[BlackFideId "412120"]
[EventDate "2018.10.20"]

1. d4 Nf6 2. c4 e6 3. Nc3 Bb4 4. Qc2 O-O 5. a3 Bxc3+ 6. Qxc3 b6 7. Bg5 Bb7 8. e3
h6 9. Bh4 d5 10. cxd5 exd5 11. Bxf6 gxf6 12. Bd3 Re8 13. Ne2 c5 14. dxc5 Nc6 15.
O-O d4 16. Nxd4 Qd5 17. Nxc6 Qxc6 18. f3 Qxc5 19. Qxc5 bxc5 20. Kf2 Re6 21. Rfd1
Rb6 22. Rd2 Rb8 23. Rc1 Bd5 24. Rxc5 Rxb2 25. Rxb2 Rxb2+ 26. Kg3 Be6 27. Ra5 Rb7
28. Kf4 Kg7 29. g4 Rc7 30. Be4 Bc4 31. Bd5 Be2 32. Ke4 a6 33. Kd4 Rc2 34. Rc5
Rd2+ 35. Ke4 Bd3+ 36. Kf4 Bb5 37. e4 Rd3 38. Rc7 Be8 39. a4 Ra3 40. h4 Kf8 41.
Ra7 Kg7 42. Kg3 a5 43. Kf2 Ra1 44. f4 Ra3 45. Ke2 Ra1 46. Kd2 Ra3 47. h5 Kf8 48.
Ke2 Ra1 49. Kf2 Kg7 50. Kg2 Ra3 51. f5 Rd3 52. Ra6 Rd1 53. e5 fxe5 54. f6+ Kf8
55. Ra8 Rc1 56. g5 Rc2+ 57. Kg3 Rc3+ 58. Kg4 hxg5 59. h6 Rc2 60. h7 Rh2 61. Bc6 1-0